<?xml version="1.0" encoding="UTF-8"?>
<record
    xmlns:xsi="http://www.w3.org/2001/XMLSchema-instance"
    xsi:schemaLocation="http://www.loc.gov/MARC21/slim http://www.loc.gov/standards/marcxml/schema/MARC21slim.xsd"
    xmlns="http://www.loc.gov/MARC21/slim">

  <leader>00587nam a2200157   4500</leader>
  <controlfield tag="008">708 D542m</controlfield>
  <datafield tag="020" ind1=" " ind2=" ">
    <subfield code="a">9968899127</subfield>
  </datafield>
  <datafield tag="082" ind1=" " ind2=" ">
    <subfield code="a">708</subfield>
    <subfield code="b">D542m</subfield>
  </datafield>
  <datafield tag="100" ind1=" " ind2=" ">
    <subfield code="a">P&#xE9;rez Bravo, Marta Mar&#xED;a</subfield>
    <subfield code="9">6754</subfield>
  </datafield>
  <datafield tag="245" ind1=" " ind2=" ">
    <subfield code="a">Marta Mar&#xED;a P&#xE9;rez Bravo y Flavio Garciandia</subfield>
  </datafield>
  <datafield tag="260" ind1=" " ind2=" ">
    <subfield code="a">San Jos&#xE9;, Costa Rica</subfield>
    <subfield code="b">TEOR/&#xE9;Tica</subfield>
    <subfield code="c">2003</subfield>
  </datafield>
  <datafield tag="300" ind1=" " ind2=" ">
    <subfield code="a">40 p.</subfield>
    <subfield code="b">ill (col)</subfield>
    <subfield code="c">20 x 21,5 cm</subfield>
  </datafield>
  <datafield tag="505" ind1=" " ind2=" ">
    <subfield code="t">Chang&#xF3; con conocimiento</subfield>
    <subfield code="r">Tamara D&#xED;az Bringas</subfield>
    <subfield code="t">El adem&#xE1;s de dirigir nubes</subfield>
    <subfield code="r">Thomas McEvilley</subfield>
  </datafield>
  <datafield tag="650" ind1=" " ind2=" ">
    <subfield code="x">arte contempor&#xE1;neo</subfield>
    <subfield code="x">arte - exhibiciones</subfield>
    <subfield code="x">arte - fotograf&#xED;a</subfield>
    <subfield code="x">pintura</subfield>
    <subfield code="9">6755</subfield>
  </datafield>
  <datafield tag="700" ind1=" " ind2=" ">
    <subfield code="a">Garciandia, Flavio</subfield>
    <subfield code="9">6756</subfield>
  </datafield>
  <datafield tag="999" ind1=" " ind2=" ">
    <subfield code="c">1651</subfield>
    <subfield code="d">1651</subfield>
  </datafield>
  <datafield tag="952" ind1=" " ind2=" ">
    <subfield code="0">0</subfield>
    <subfield code="1">0</subfield>
    <subfield code="2">ddc</subfield>
    <subfield code="4">0</subfield>
    <subfield code="7">0</subfield>
    <subfield code="a">LV</subfield>
    <subfield code="b">LV</subfield>
    <subfield code="c">Colecci&#xF3;n Teor&#xE9;tica</subfield>
    <subfield code="d">2018-11-01</subfield>
    <subfield code="l">0</subfield>
    <subfield code="o">708 D542m</subfield>
    <subfield code="p">002363</subfield>
    <subfield code="r">2018-11-01 00:00:00</subfield>
    <subfield code="w">2018-11-01</subfield>
    <subfield code="y">01</subfield>
  </datafield>
  <datafield tag="952" ind1=" " ind2=" ">
    <subfield code="0">0</subfield>
    <subfield code="1">0</subfield>
    <subfield code="2">ddc</subfield>
    <subfield code="4">0</subfield>
    <subfield code="7">0</subfield>
    <subfield code="a">LV</subfield>
    <subfield code="b">LV</subfield>
    <subfield code="c">Colecci&#xF3;n Teor&#xE9;tica</subfield>
    <subfield code="d">2018-11-01</subfield>
    <subfield code="l">0</subfield>
    <subfield code="o">708 D542m</subfield>
    <subfield code="p">002192</subfield>
    <subfield code="r">2018-11-01 00:00:00</subfield>
    <subfield code="w">2018-11-01</subfield>
    <subfield code="y">01</subfield>
  </datafield>
</record>
